LIBRARY & INFORMATION CENTRE, KCAET, TAVANUR

ONLINE PUBLIC ACCESS CATALOGUE (OPAC)

Hand book of usability testing / (Record no. 13561)

MARC details
000 -LEADER
fixed length control field 00482cam a2200193ua 4500
041 ## - LANGUAGE CODE
Language code of text/sound track or separate title eng
082 ## - DEWEY DECIMAL CLASSIFICATION NUMBER
Classification number 001.434
Item number RUB/HA
100 ## - MAIN ENTRY--AUTHOR NAME
Personal name Rubin, Jeff .
245 ## - TITLE STATEMENT
Title Hand book of usability testing /
250 ## - EDITION STATEMENT
Edition statement 2 /
260 ## - PUBLICATION, DISTRIBUTION, ETC. (IMPRINT)
Place of publication New Delhi :
Name of publisher Wiley India Pvt. Ltd ,
Year of publication 2008.
300 ## - PHYSICAL DESCRIPTION
Number of Pages 348 ; .
700 1# - ADDED ENTRY--PERSONAL NAME
Personal name Chisnell, Dana .
942 ## - ADDED ENTRY ELEMENTS (KOHA)
Koha item type Books
Holdings
Withdrawn status Lost status Damaged status Home library Current library Date acquired Full call number Accession Number Koha item type
      KAUAET KAUAET 07/04/2012 001.434 21948 Books
free website counter